[Event "Athenaeum v Metropolitan"]
[Site "?"]
[Date "2002.??.??"]
[Round "3"]
[White "Kruszynski, Robert G"]
[Black "Barkwill, Martin"]
[Result "0-1"]
[WhiteElo "1840"]
[BlackElo "1736"]
[PlyCount "112"]
[EventDate "2002.??.??"]

1. e4 c5 2. Nf3 d6 3. Bb5+ Bd7 4. Bxd7+ Qxd7 5. O-O Nc6 6. d4 cxd4 7. Nxd4 Nf6
8. Re1 e6 9. c4 Be7 10. Nc3 a6 11. Be3 O-O 12. Rc1 Rfd8 13. Nf3 Ng4 14. Bf4
Nge5 15. Qe2 Nxf3+ 16. Qxf3 Nd4 17. Qd3 Bf6 18. Be3 Nc6 19. f4 Nb4 20. Qb1 d5
21. cxd5 exd5 22. Bb6 Re8 23. Bc5 dxe4 24. Bxb4 Qd4+ 25. Kh1 Qxb4 26. Nd5 Qxb2
27. Qxb2 Bxb2 28. Rb1 Rad8 29. Nc7 Re7 30. Rxb2 Rxc7 31. Rbe2 Re8 32. g4 g6 33.
g5 Rc4 34. Kg2 Rc3 35. Re3 Rc2+ 36. R1e2 Rxe2+ 37. Rxe2 e3 38. Kf3 Kf8 39. f5
gxf5 40. Kf4 b5 41. Kxf5 a5 42. Kf4 b4 43. Kf3 a4 44. Kg2 Kg7 45. Kf1 Kg6 46.
Rb2 e2+ 47. Ke1 Re4 48. Rd2 Kxg5 49. Rd7 Kg6 50. Ra7 b3 51. axb3 axb3 52. Rb7
Re3 53. Rb5 f5 54. h4 f4 55. Rg5+ Kf6 56. Rb5 f3 0-1

[Event "Athenaeum v Metropolitan"]
[Site "?"]
[Date "2002.??.??"]
[Round "3"]
[White "Stevenson, James AB"]
[Black "Fogarasi, Norbert"]
[Result "1-0"]
[WhiteElo "2151"]
[BlackElo "2178"]
[PlyCount "49"]
[EventDate "2002.??.??"]

1. Nf3 d5 2. d4 c6 3. e3 Bg4 4. Bd3 f5 5. h3 Bxf3 6. Qxf3 e6 7. g4 g6 8. c4 Nf6
9. Nc3 Ne4 10. Bd2 Bb4 11. Bxe4 fxe4 12. Qe2 Qe7 13. h4 Nd7 14. O-O-O Nb6 15.
c5 Nc4 16. Nxe4 a5 17. Nc3 b5 18. e4 Bxc5 19. Bg5 Qd6 20. dxc5 Qxc5 21. exd5 e5
22. Ne4 Qb4 23. Nf6+ Kf7 24. dxc6 a4 25. Nd5 1-0

[Event "Guildford v Athenaeum"]
[Site "?"]
[Date "2002.??.??"]
[Round "3"]
[White "Briscoe, Christopher"]
[Black "Clarke, Thomas"]
[Result "1-0"]
[WhiteElo "2157"]
[BlackElo "2169"]
[PlyCount "79"]
[EventDate "2002.??.??"]

1. e4 e6 2. d4 d5 3. Nd2 Nf6 4. e5 Nfd7 5. c3 c5 6. f4 Nc6 7. Ndf3 Qb6 8. g3 f6
9. Bd3 cxd4 10. cxd4 Bb4+ 11. Kf1 O-O 12. Kg2 Kh8 13. Bb1 fxe5 14. fxe5 Be7 15.
h4 g6 16. Ne2 Rf7 17. Nf4 Nf8 18. h5 Kg7 19. hxg6 hxg6 20. Qd2 Bb4 21. Nh5+ Kg8
22. Qh6 gxh5 23. Rxh5 Rxf3 24. Rg5+ Kf7 25. Rg7+ Ke8 26. Qh5+ Kd8 27. Bg5+ Be7
28. Qxf3 Qxb2+ 29. Kh3 Nd7 30. Rxe7 Nxe7 31. Bg6 Kc7 32. Bxe7 Nb6 33. Bd6+ Kc6
34. Rb1 Qxa2 35. Be8+ Bd7 36. Rc1+ Kb5 37. Qf1+ Qc4 38. Rxc4 dxc4 39. Qb1+ Kc6
40. Qb4 1-0

[Event "Guildford v Athenaeum"]
[Site "?"]
[Date "2002.??.??"]
[Round "3"]
[White "Gruettner, Ralf"]
[Black "Shepley, Julien M"]
[Result "0-1"]
[WhiteElo "2058"]
[BlackElo "2108"]
[PlyCount "95"]
[EventDate "2002.??.??"]

1. e4 d5 2. d4 Nc6 3. Nc3 dxe4 4. d5 Ne5 5. Bf4 Ng6 6. Bg3 f5 7. Nh3 e5 8. f4
exf4 9. Nxf4 Nxf4 10. Bxf4 Nf6 11. Bb5+ Bd7 12. d6 cxd6 13. Bxd6 a6 14. Bxf8
Rxf8 15. Bxd7+ Qxd7 16. O-O Qxd1 17. Raxd1 g6 18. Rd6 Rd8 19. Rb6 Rd7 20. h3
Rff7 21. g4 Nd5 22. Re6+ Rfe7 23. gxf5 gxf5 24. Rb6 Nxc3 25. bxc3 e3 26. Kg2
Rd2+ 27. Kf3 Rc7 28. Rf6 Rxc3 29. Re1 e2+ 30. Kg2 Rc5 31. Kf3 Ra5 32. Rxe2+
Rxe2 33. Kxe2 Rxa2 34. Kf3 Ra3+ 35. Kf4 Rxh3 36. Rb6 Kd7 37. Rxb7+ Kc6 38. Rb8
Rh5 39. Ke5 a5 40. Rb1 a4 41. Rb4 f4+ 42. Kd4 f3 43. Ke3 Ra5 44. Kxf3 a3 45.
Rb1 a2 46. Ra1 Kc5 47. Ke3 Kc4 48. Kd2 0-1

[Event "Guildford v Athenaeum"]
[Site "?"]
[Date "2002.??.??"]
[Round "3"]
[White "Pederson, Carsten"]
[Black "Sirisena, Chantal"]
[Result "0-1"]
[WhiteElo "1928"]
[BlackElo "1288"]
[PlyCount "101"]
[EventDate "2002.??.??"]

1. e4 e5 2. Nf3 Nc6 3. d4 exd4 4. c3 dxc3 5. Nxc3 Bb4 6. Bc4 d6 7. O-O Bxc3 8.
bxc3 Bg4 9. Qb3 Bxf3 10. Bxf7+ Kf8 11. Bxg8 Rxg8 12. gxf3 Rb8 13. f4 Qh4 14. f3
h6 15. Kh1 Qh3 16. Ba3 g5 17. fxg5 Rxg5 18. Qc2 Ke7 19. f4 Rg3 20. e5 Rbg8 21.
exd6+ cxd6 22. Rae1+ Kd7 23. Rf2 Qh4 24. Qf5+ Kd8 25. Rd1 Ke8 26. Re2+ Ne7 27.
Bxd6 R3g7 28. Qc8+ Kf7 29. Qxb7 Kg6 30. Rxe7 Rxe7 31. Qxe7 Qxe7 32. Bxe7 Rc8
33. Rc1 Rc4 34. Bd6 Ra4 35. Rc2 h5 36. c4 Ra6 37. c5 Rc6 38. Kg2 Kf5 39. Kf3 h4
40. Rb2 Ke6 41. Ke4 h3 42. Rb3 Rc8 43. Rxh3 Re8 44. Rh6+ Kd7+ 45. Kd5 Kc8 46.
c6 a5 47. f5 a4 48. f6 Kd8 49. f7 Rf8 50. Bxf8 a3 51. Bd6 0-1

[Event "Guildford v Athenaeum"]
[Site "?"]
[Date "2002.??.??"]
[Round "3"]
[White "Punnett, Alan K"]
[Black "Winser, Lewis"]
[Result "1-0"]
[WhiteElo "2121"]
[BlackElo "1704"]
[PlyCount "79"]
[EventDate "2002.??.??"]

1. d4 c6 2. Nf3 d5 3. g3 Bf5 4. Bg2 e6 5. O-O Bd6 6. b3 Nf6 7. Bb2 Nbd7 8. Nbd2
h6 9. Ne5 Qc7 10. Nxd7 Qxd7 11. f3 Be7 12. e4 dxe4 13. fxe4 Bg4 14. Qe1 O-O 15.
c4 Ne8 16. Nf3 f6 17. Qc3 Nc7 18. Rae1 a5 19. a3 b5 20. Qc2 b4 21. a4 Rad8 22.
Nh4 Bh5 23. Bf3 Bf7 24. Qe2 g5 25. Ng2 Qe8 26. Ne3 h5 27. g4 hxg4 28. Nxg4 Bg6
29. Qg2 c5 30. e5 Bd3 31. Bc6 Qg6 32. Nxf6+ Kg7 33. d5 Bxf1 34. Rxf1 Bxf6 35.
exf6+ Kf7 36. Qg3 Nxd5 37. cxd5 exd5 38. Re1 d4 39. Re7+ Kxf6 40. Qe5# 1-0

[Event "NW Eagles v Metropolitan"]
[Site "?"]
[Date "2002.??.??"]
[Round "3"]
[White "Griffiths, Kathy"]
[Black "Smith, Alan A"]
[Result "1/2-1/2"]
[WhiteElo "2005"]
[BlackElo "2257"]
[PlyCount "97"]
[EventDate "2002.??.??"]

1. e4 c5 2. Nc3 Nc6 3. g3 g6 4. Bg2 Bg7 5. d3 d6 6. Be3 Nf6 7. h3 Rb8 8. Qd2
Bd7 9. Bh6 Bxh6 10. Qxh6 Nd4 11. Rc1 Qb6 12. b3 Qa5 13. Qd2 b5 14. Nce2 Qxd2+
15. Kxd2 Ne6 16. f4 O-O 17. Nf3 Rfc8 18. Ke3 Bc6 19. g4 h6 20. Rhd1 a5 21. Nh4
a4 22. f5 Nf8 23. fxg6 fxg6 24. Nf3 e5 25. Rf1 N6h7 26. Nh4 Rc7 27. Rb1 Ra8 28.
b4 Be8 29. c3 Ne6 30. Rfc1 Rac8 31. Nf3 cxb4 32. cxb4 Nhg5 33. Nxg5 hxg5 34.
Rxc7 Rxc7 35. Kd2 Nf4 36. Nxf4 gxf4 37. a3 g5 38. Rc1 Rxc1 39. Kxc1 Kf7 40. Kd2
Ke6 41. Bf3 Bc6 42. Bg2 d5 43. Bf3 dxe4 44. dxe4 Kd6 45. Bg2 Bd7 46. Bf3 Be6
47. Ke1 Bc4 48. Kf2 Bd3 49. Bg2 1/2-1/2

[Event "NW Eagles v Metropolitan"]
[Site "?"]
[Date "2002.??.??"]
[Round "3"]
[White "Hague, Ben"]
[Black "McGuiness, Andrew E"]
[Result "1-0"]
[WhiteElo "2219"]
[BlackElo "1888"]
[PlyCount "51"]
[EventDate "2002.??.??"]

1. e4 c5 2. d4 cxd4 3. c3 dxc3 4. Nxc3 Nc6 5. Bc4 e6 6. Nf3 a6 7. O-O b5 8. Bb3
Qc7 9. Qe2 Bd6 10. Be3 Nge7 11. Rac1 Qb8 12. Rfd1 O-O 13. Bc2 Ng6 14. h4 f6 15.
h5 Nge5 16. Nxe5 fxe5 17. Qg4 Rf7 18. a3 Na5 19. Rd3 Nc4 20. Bh6 Bb7 21. Rcd1
Bc5 22. Rxd7 Bxf2+ 23. Kh1 Ne3 24. Bxe3 Bxe3 25. Rxf7 Kxf7 26. Rd7+ 1-0

[Event "NW Eagles v Metropolitan"]
[Site "?"]
[Date "2002.??.??"]
[Round "3"]
[White "Kennaugh, Charles W"]
[Black "Noden, Nicolas"]
[Result "1-0"]
[WhiteElo "2255"]
[BlackElo "2205"]
[PlyCount "83"]
[EventDate "2002.??.??"]

1. e4 c5 2. Nf3 d6 3. d4 cxd4 4. Nxd4 Nf6 5. Nc3 a6 6. Qf3 e6 7. b3 Be7 8. Bb2
Bd7 9. O-O-O Qc7 10. Qg3 O-O 11. Kb1 Nc6 12. f4 b5 13. e5 dxe5 14. fxe5 Ne8 15.
Nf3 f5 16. exf6 Qxg3 17. hxg3 Nxf6 18. Bd3 Rad8 19. a4 Nb4 20. Ba3 bxa4 21. Bc4
axb3 22. cxb3 Nbd5 23. Bxe7 Nxc3+ 24. Kb2 Nxd1+ 25. Rxd1 Nd5 26. Bxd8 Rxd8 27.
Bxa6 Ra8 28. Bc4 Ra2+ 29. Kxa2 Nc3+ 30. Ka3 Nxd1 31. Kb4 Ne3 32. Kc5 Nxg2 33.
Kd6 Be8 34. Ke7 Bf7 35. Ne5 Bh5 36. Bxe6+ Kh8 37. g4 Bg6 38. Nxg6+ hxg6 39. b4
Nf4 40. Bc4 g5 41. b5 Ng6+ 42. Kd6 1-0

[Event "NW Eagles v Metropolitan"]
[Site "?"]
[Date "2002.??.??"]
[Round "3"]
[White "Young, Collins"]
[Black "Bradley, Karen"]
[Result "1/2-1/2"]
[WhiteElo "1608"]
[BlackElo "1288"]
[PlyCount "78"]
[EventDate "2002.??.??"]

1. d4 Nf6 2. c4 c5 3. d5 b5 4. b3 d6 5. Bb2 Nbd7 6. Nd2 g6 7. e4 Bg7 8. cxb5 a6
9. bxa6 Bxa6 10. Bxa6 Rxa6 11. Ne2 O-O 12. O-O Qb6 13. Qc2 Rfa8 14. Nc4 Qa7 15.
a4 Nb6 16. Rab1 Nxc4 17. Qxc4 Rb6 18. Bc3 Nd7 19. Bxg7 Kxg7 20. Nc3 Rb4 21. Qe2
Qb7 22. Qc2 Nf6 23. f3 Ne8 24. Nb5 Nc7 25. Nxc7 Qxc7 26. Rfc1 Qb6 27. Kh1 Rb8
28. h3 Rxb3 29. Ra1 Qa5 30. Kh2 Rb2 31. Qc3+ Qxc3 32. Rxc3 Ra8 33. a5 Ra6 34.
Kg3 Kf6 35. f4 h6 36. Kf3 Kg7 37. e5 Kf8 38. g4 Ke8 39. f5 Rb5 1/2-1/2

[Event "Numerica 3Cs v White Rose"]
[Site "?"]
[Date "2002.??.??"]
[Round "3"]
[White "Ashton, Adam G"]
[Black "Keeling, Geoff"]
[Result "1-0"]
[WhiteElo "2146"]
[BlackElo "2043"]
[PlyCount "33"]
[EventDate "2002.??.??"]

1. e4 e5 2. Nf3 Nc6 3. d4 exd4 4. Bc4 Bc5 5. c3 Nf6 6. e5 Ne4 7. Bd5 f5 8. O-O
dxc3 9. Nxc3 Nxc3 10. bxc3 h6 11. Nd4 Ne7 12. Nxf5 Nxd5 13. Qxd5 Bf8 14. Re1 g6
15. Nd6+ Bxd6 16. exd6+ Kf8 17. Re7 1-0

[Event "Numerica 3Cs v White Rose"]
[Site "?"]
[Date "2002.??.??"]
[Round "3"]
[White "Shaw, Peter"]
[Black "Bentley, John L"]
[Result "1/2-1/2"]
[WhiteElo "1960"]
[BlackElo "2147"]
[PlyCount "22"]
[EventDate "2002.??.??"]

1. d4 Nf6 2. Nf3 g6 3. Bf4 Bg7 4. e3 d6 5. h3 O-O 6. Be2 Nbd7 7. O-O c5 8. c3
b6 9. Nbd2 Bb7 10. Bh2 Rc8 11. a4 cxd4 1/2-1/2

[Event "Numerica 3Cs v White Rose"]
[Site "?"]
[Date "2002.??.??"]
[Round "3"]
[White "Webb, Matthew"]
[Black "Plant, Plant"]
[Result "0-1"]
[WhiteElo "1512"]
[BlackElo "1768"]
[PlyCount "78"]
[EventDate "2002.??.??"]

1. d4 Nf6 2. Nf3 g6 3. Bg5 Bg7 4. Nbd2 O-O 5. e3 d6 6. c3 c5 7. Bd3 a6 8. Rc1
b5 9. h4 Nbd7 10. Bb1 Bb7 11. Qc2 Qb6 12. h5 e5 13. hxg6 fxg6 14. Bh6 cxd4 15.
Bxg7 d3 16. Qxd3 e4 17. Qc2 Kxg7 18. Ng5 Nc5 19. Qd1 h6 20. b4 hxg5 21. bxc5
dxc5 22. Nxe4 Bxe4 23. Bxe4 Nxe4 24. Qd7+ Kf6 25. Rh7 Qe6 26. Qg7+ Kf5 27. f3
Nf6 28. g4+ Nxg4 29. fxg4+ Kxg4 30. Qd7 Qxd7 31. Rxd7 Rad8 32. Ra7 Kg3 33. Rxa6
Kg2 34. Rxg6 Rf1+ 35. Ke2 Rxc1 36. Rxg5+ Kh3 37. Rxc5 Kg4 38. Rxb5 Rc2+ 39. Ke1
Rh8 0-1

[Event "Numerica 3Cs v White Rose"]
[Site "?"]
[Date "2002.??.??"]
[Round "3"]
[White "Whitworth, Philip"]
[Black "Lewyk, Ihor"]
[Result "1-0"]
[WhiteElo "1936"]
[BlackElo "1912"]
[PlyCount "85"]
[EventDate "2002.??.??"]

1. f4 d5 2. Nf3 c5 3. e3 Nf6 4. b3 g6 5. Bb2 Bg7 6. Bb5+ Bd7 7. Be2 Nc6 8. O-O
O-O 9. d3 Ng4 10. Bxg7 Kxg7 11. Qd2 d4 12. exd4 cxd4 13. Na3 Qc7 14. Rfc1 Kg8
15. c4 dxc3 16. Rxc3 Qb6+ 17. d4 Be6 18. Nc4 Qd8 19. Rd1 Nf6 20. Rcc1 Bd5 21.
Nfe5 Ne4 22. Qe3 e6 23. Bf3 Nf6 24. Nxc6 bxc6 25. Ne5 Qa5 26. Nxc6 Qxa2 27.
Ne7+ Kg7 28. Bxd5 exd5 29. Qe5 Qxb3 30. Rb1 Qc2 31. Re1 Rfe8 32. Rbc1 Qa4 33.
Qg5 Qxd4+ 34. Kh1 Ne4 35. Nf5+ Kh8 36. Nxd4 Nxg5 37. Rxe8+ Rxe8 38. fxg5 Kg7
39. Kg1 h6 40. gxh6+ Kxh6 41. Rc5 Rd8 42. Rc7 f5 43. Rxa7 1-0

[Event "Poisoned Pawns v Guildford"]
[Site "?"]
[Date "2002.??.??"]
[Round "3"]
[White "Sharp, Peter"]
[Black "Goodger, Martyn"]
[Result "1-0"]
[WhiteElo "2104"]
[BlackElo "2143"]
[PlyCount "95"]
[EventDate "2002.??.??"]

1. d4 f5 2. g3 Nf6 3. Bg2 g6 4. c4 Bg7 5. Nc3 d6 6. Nf3 O-O 7. O-O Nc6 8. Qc2
e5 9. dxe5 dxe5 10. Bg5 e4 11. Rfd1 Qe8 12. Ne1 Qf7 13. Nd5 Be6 14. Qb3 Na5 15.
Qc3 Nxd5 16. Qxa5 Nf6 17. b3 h6 18. Bd2 Ng4 19. Rac1 b6 20. Qa3 Rad8 21. h3 Ne5
22. e3 c5 23. Bc3 Rxd1 24. Rxd1 Nf3+ 25. Bxf3 Bxc3 26. Bg2 g5 27. Qc1 Be5 28.
Qc2 Qh5 29. Rd2 Qf7 30. Kh2 Qc7 31. Kg1 Kg7 32. Kh2 f4 33. exf4 gxf4 34. Qxe4
fxg3+ 35. fxg3 Bxg3+ 36. Kh1 Bf5 37. Qe2 Rf7 38. Nc2 Re7 39. Ne3 Rxe3 40. Qxe3
Bf4 41. Qc3+ Be5 42. Qf3 Be6 43. Rf2 Qd6 44. Qh5 Qd4 45. Rf1 Qc3 46. Qf3 Qd4
47. Qf8+ Kg6 48. Qe8+ 1-0

[Event "Poisoned Pawns v Guildford"]
[Site "?"]
[Date "2002.??.??"]
[Round "3"]
[White "Stimpson, Philip M"]
[Black "Retallick, Lloyd"]
[Result "1/2-1/2"]
[WhiteElo "1912"]
[BlackElo "1992"]
[PlyCount "56"]
[EventDate "2002.??.??"]

1. e4 c6 2. d4 d5 3. exd5 cxd5 4. c4 Nf6 5. Nc3 e6 6. Nf3 Bb4 7. Bd2 O-O 8. c5
Nc6 9. a3 Bxc3 10. Bxc3 Ne4 11. Qc2 Nxc3 12. Qxc3 e5 13. Nxe5 Re8 14. Be2 Nxe5
15. dxe5 d4 16. Qg3 Qd5 17. O-O Qxc5 18. Bd3 Qxe5 19. Qxe5 Rxe5 20. Rfe1 Rxe1+
21. Rxe1 Be6 22. f4 Bd5 23. Be4 Bxe4 24. Rxe4 Rd8 25. Kf2 Kf8 26. Ke2 f5 27.
Re5 g6 28. Kd3 b6 1/2-1/2

[Event "Poisoned Pawns v Guildford"]
[Site "?"]
[Date "2002.??.??"]
[Round "3"]
[White "Winfridson, Ola"]
[Black "Dupre, Paul D"]
[Result "1/2-1/2"]
[WhiteElo "2032"]
[BlackElo "2053"]
[PlyCount "57"]
[EventDate "2002.??.??"]

1. d4 Nf6 2. c4 g6 3. g3 c5 4. d5 d6 5. Bg2 Bg7 6. Nf3 b5 7. cxb5 Qa5+ 8. Qd2
Qxb5 9. Nc3 Qc4 10. O-O O-O 11. Rd1 Ba6 12. e4 Nxe4 13. Nxe4 Qxe4 14. Re1 Qf5
15. Rxe7 Qf6 16. Re1 Nd7 17. Qf4 Bb7 18. Qxf6 Nxf6 19. Bf4 Rfd8 20. Re7 Bxd5
21. Ng5 Bxg2 22. Kxg2 Nd5 23. Rxf7 Bf6 24. Rb7 Nxf4+ 25. gxf4 h6 26. Nf7 Rdb8
27. Nxh6+ Kh8 28. Nf7+ Kg8 29. Nh6+ 1/2-1/2

[Event "Poisoned Pawns v Guildford"]
[Site "?"]
[Date "2002.??.??"]
[Round "3"]
[White "Young, Craig A"]
[Black "Hill, David F"]
[Result "1-0"]
[WhiteElo "2102"]
[BlackElo "2151"]
[PlyCount "49"]
[EventDate "2002.??.??"]

1. Nf3 Nc6 2. d4 d5 3. g3 Bf5 4. a3 Qd7 5. c4 Nf6 6. Nc3 dxc4 7. d5 Na5 8. Ne5
Qd8 9. Qa4+ c6 10. dxc6 bxc6 11. Bg2 Rc8 12. Be3 Qc7 13. Nxc4 Nxc4 14. Qxc4 Nd7
15. Qa6 Nb6 16. Rc1 Qb8 17. Bxb6 Qxb6 18. Qxb6 axb6 19. Na4 Kd8 20. O-O c5 21.
Nxb6 Rb8 22. Rfd1+ Kc7 23. Nd5+ Kd6 24. Ne3+ Ke6 25. Rxc5 1-0

[Event "Poisoned Pawns v Slough"]
[Site "?"]
[Date "2002.??.??"]
[Round "3"]
[White "De Coverly, Roger"]
[Black "Edwards, Raymond B"]
[Result "0-1"]
[WhiteElo "2109"]
[BlackElo "2076"]
[PlyCount "122"]
[EventDate "2002.??.??"]

1. e4 c6 2. d4 d5 3. e5 Bf5 4. Nf3 e6 5. Be2 Nd7 6. O-O h6 7. Be3 Ne7 8. Nh4
Bh7 9. Bd3 Bxd3 10. Qxd3 c5 11. dxc5 Nxe5 12. Qb5+ Qd7 13. Nc3 N7c6 14. Rad1
Be7 15. Nf3 Nxf3+ 16. gxf3 O-O 17. Kh1 Rad8 18. Rg1 Kh8 19. Qf1 f5 20. Qh3 Bf6
21. Ne2 Qf7 22. Nf4 Ne7 23. Bc1 e5 24. Nh5 f4 25. b4 Kh7 26. b5 g6 27. Nxf6+
Qxf6 28. Ba3 Rfe8 29. Bb4 Nf5 30. a4 Qe6 31. Rge1 d4 32. Qf1 Nh4 33. Rd3 Qc4
34. Ba5 Rc8 35. Qh3 Nf5 36. Rg1 Rf8 37. Qg4 Rf6 38. c6 bxc6 39. bxc6 Qxa4 40.
Bd2 Rcxc6 41. Rb3 Rc7 42. Re1 Qc4 43. Ba5 Rd7 44. Rxe5 Qf1+ 45. Qg1 Qxg1+ 46.
Kxg1 Rc6 47. Re2 g5 48. Rd3 Rb7 49. Be1 Rb2 50. Ra3 a6 51. Ra5 Kg6 52. Re8 Nh4
53. Ra3 Rbxc2 54. Kf1 Rd6 55. Ra8 Rcc6 56. Bb4 Re6 57. Bd2 Rc2 58. R8xa6 Rxa6
59. Rxa6+ Kh5 60. Bb4 d3 61. Bf8 Rc1# 0-1

[Event "Poisoned Pawns v Slough"]
[Site "?"]
[Date "2002.??.??"]
[Round "3"]
[White "Dignam, Matthew"]
[Black "Armstrong, Malcolm J"]
[Result "0-1"]
[WhiteElo "2115"]
[BlackElo "2132"]
[PlyCount "82"]
[EventDate "2002.??.??"]

1. d4 d5 2. e3 Nf6 3. Bd3 c5 4. c3 Nc6 5. Nd2 e5 6. dxe5 Nxe5 7. Bb5+ Bd7 8.
Bxd7+ Qxd7 9. Ndf3 Nc6 10. Ne2 Bd6 11. O-O O-O 12. b3 Rad8 13. Bb2 Ng4 14. h3
Nge5 15. Qxd5 Nd3 16. Kh1 Nxb2 17. Rab1 Na4 18. bxa4 Na5 19. Rfd1 Qxa4 20. Qf5
Qxa2 21. Ng3 Bxg3 22. Rxd8 Rxd8 23. fxg3 Qd5 24. Qf4 b6 25. Ng5 h6 26. Ne4 Nc4
27. Rf1 Re8 28. Nf2 Nxe3 29. Rg1 Qe5 30. Qa4 Nf5 31. Ng4 Nxg3+ 32. Kh2 Qb8 33.
Nxh6+ Kf8 34. Ng4 Ne2+ 35. Kh1 Nxg1 36. Kxg1 Qg3 37. Nh2 Qe3+ 38. Kh1 Qe1+ 39.
Nf1 Qxf1+ 40. Kh2 Re2 41. Qg4 Rxg2+ 0-1

[Event "Poisoned Pawns v Slough"]
[Site "?"]
[Date "2002.??.??"]
[Round "3"]
[White "Hammond, Andrew JC"]
[Black "Payne, Oliver"]
[Result "1-0"]
[WhiteElo "2200"]
[BlackElo "2082"]
[PlyCount "57"]
[EventDate "2002.??.??"]

1. Nf3 d6 2. g3 g6 3. Bg2 Bg7 4. O-O Nf6 5. c4 c6 6. Nc3 O-O 7. b4 Be6 8. b5
Bxc4 9. bxc6 bxc6 10. Qa4 d5 11. Ne5 Bb5 12. Nxb5 cxb5 13. Qxb5 Ne4 14. d4 Bxe5
15. dxe5 Qd7 16. Qd3 f5 17. exf6 Nxf6 18. Bb2 e6 19. Rad1 Nc6 20. e4 Nb4 21.
Qd2 Qa4 22. exd5 Rad8 23. Qe2 Qa6 24. Qxa6 Nxa6 25. dxe6 Rxd1 26. Rxd1 Ne8 27.
Rd7 Nac7 28. Be5 Nxe6 29. Bd5 1-0

[Event "Wessex v NW Eagles"]
[Site "?"]
[Date "2002.??.??"]
[Round "3"]
[White "Carleton, John J"]
[Black "Tunks, Dominic"]
[Result "1-0"]
[WhiteElo "2250"]
[BlackElo "2096"]
[PlyCount "88"]
[EventDate "2002.??.??"]

1. d4 d5 2. c4 dxc4 3. Nf3 Nf6 4. g3 c5 5. Qa4+ Bd7 6. Qxc4 cxd4 7. Bg2 Nc6 8.
Nxd4 Rc8 9. Nc3 e5 10. Nxc6 Bxc6 11. Bxc6+ Rxc6 12. Qb3 Qd7 13. Bg5 Rb6 14. Qc2
Bb4 15. Bxf6 Rxf6 16. Rd1 Qc6 17. e4 Bxc3+ 18. bxc3 Rf3 19. c4 O-O 20. O-O f6
21. c5 Rc8 22. Qc4+ Kf8 23. Rd5 b5 24. Qb4 a5 25. Qxa5 Ra8 26. Rd8+ Rxd8 27.
Qxd8+ Kf7 28. Rc1 b4 29. Qd2 Qxe4 30. c6 Rc3 31. Rxc3 bxc3 32. Qxc3 Qb1+ 33.
Kg2 Qxa2 34. Qc5 Qa8 35. Qd5+ Kf8 36. h4 Qc8 37. Qd6+ Kf7 38. c7 Ke8 39. Qc6+
Ke7 40. h5 Kf7 41. f3 g6 42. Qd6 Ke8 43. Qxf6 gxh5 44. Qxe5+ Kd7 1-0

[Event "Wessex v NW Eagles"]
[Site "?"]
[Date "2002.??.??"]
[Round "3"]
[White "Clark, Ian C"]
[Black "Charleshouse, Glenn L"]
[Result "0-1"]
[WhiteElo "2110"]
[BlackElo "2301"]
[PlyCount "80"]
[EventDate "2002.??.??"]

1. e4 c5 2. Nf3 e6 3. d4 cxd4 4. Nxd4 Nf6 5. Nc3 d6 6. Be3 Be7 7. f3 O-O 8. Qd2
a6 9. g4 b5 10. g5 Nfd7 11. h4 Qc7 12. Bh3 Ne5 13. Qf2 Nc4 14. Bc1 Nc6 15. Nb3
b4 16. Ne2 e5 17. Bf5 g6 18. Bxc8 Raxc8 19. h5 Bd8 20. Qh4 Qe7 21. Nd2 Ne3 22.
Qh3 Nxc2+ 23. Kd1 Ne3+ 24. Ke1 Bb6 25. Rb1 Rc7 26. f4 Nd4 27. Nxd4 exd4 28. b3
Rc2 29. e5 dxe5 30. Ne4 exf4 31. Nf6+ Kg7 32. Bxe3 Rfc8 33. hxg6 Qxe3+ 34. Qxe3
fxe3 35. gxh7 d3 36. Rd1 Re2+ 37. Kf1 Rf2+ 38. Kg1 e2 39. Rb1 d2 40. h8=Q+ Rxh8
0-1

[Event "Wessex v NW Eagles"]
[Site "?"]
[Date "2002.??.??"]
[Round "3"]
[White "Hopkins, Jamie"]
[Black "Savory, Richard"]
[Result "1/2-1/2"]
[WhiteElo "2000"]
[BlackElo "2115"]
[PlyCount "48"]
[EventDate "2002.??.??"]

1. c4 e5 2. Nc3 Nc6 3. g3 g6 4. Bg2 Bg7 5. e4 d6 6. Nge2 Be6 7. d3 Qd7 8. Nd5
Nd8 9. h3 c6 10. Ne3 f5 11. exf5 gxf5 12. d4 Qc7 13. d5 Bd7 14. f4 Nf7 15. O-O
Ne7 16. Rb1 O-O 17. b3 Rae8 18. Kh1 Kh8 19. Qd2 c5 20. Bb2 Qc8 21. Bf3 Rg8 22.
Bh5 Ref8 23. Rf2 Nh6 24. Rg1 Be8 1/2-1/2

[Event "Wessex v NW Eagles"]
[Site "?"]
[Date "2002.??.??"]
[Round "3"]
[White "Hulmes, David I"]
[Black "Pleasants, Allan J"]
[Result "1/2-1/2"]
[WhiteElo "1944"]
[BlackElo "2144"]
[PlyCount "99"]
[EventDate "2002.??.??"]

1. e4 d5 2. exd5 Nf6 3. Nf3 Qxd5 4. Nc3 Qd8 5. d4 e6 6. Be2 Be7 7. Bf4 c6 8.
O-O b6 9. Ne5 Bb7 10. Bf3 O-O 11. Bg3 Qc8 12. Ne2 Rd8 13. c3 Nbd7 14. Qb3 Nf8
15. a4 Nd5 16. a5 f6 17. Nc4 b5 18. Ne3 Kh8 19. Rfe1 a6 20. Nxd5 cxd5 21. Nf4
Qc6 22. Re2 g5 23. Nd3 Rac8 24. Qd1 Qc4 25. Bg4 Rc6 26. h4 gxh4 27. Bxh4 Ng6
28. Bg3 e5 29. Bf5 e4 30. Bxg6 hxg6 31. Nf4 Kg7 32. Re3 Rcd6 33. f3 f5 34. b3
Qc8 35. Ne2 Rc6 36. Be5+ Bf6 37. Bxf6+ Rxf6 38. Qe1 f4 39. Nxf4 Rxf4 40. Qg3
Qf5 41. Rae1 Rf8 42. Kf2 Rf7 43. Rh1 exf3 44. Rxf3 Qc2+ 45. Kg1 Rxf3 46. gxf3
Re7 47. Rh7+ Kxh7 48. Qh4+ Kg8 49. Qxe7 Qf5 50. Qxb7 1/2-1/2

[Event "Wessex v Numerica 3Cs"]
[Site "?"]
[Date "2002.??.??"]
[Round "3"]
[White "Marsh, Roger"]
[Black "Gordon, Stephen J"]
[Result "1/2-1/2"]
[WhiteElo "2067"]
[BlackElo "1968"]
[PlyCount "79"]
[EventDate "2002.??.??"]

1. d4 Nf6 2. c4 e6 3. Nc3 Bb4 4. Bg5 h6 5. Bh4 c5 6. e3 Qa5 7. Qc2 Ne4 8. Nge2
Bxc3+ 9. Nxc3 cxd4 10. exd4 Nxc3 11. bxc3 Nc6 12. Rd1 O-O 13. Be2 d5 14. O-O b6
15. cxd5 exd5 16. c4 Ba6 17. cxd5 Nb4 18. Qd2 Bxe2 19. Qxe2 Nxd5 20. Qh5 Rfe8
21. Bg3 Qxa2 22. Be5 f6 23. Ra1 Qc4 24. Rxa7 Rxa7 25. Qxe8+ Kh7 26. Bb8 Re7 27.
Qh5 Nc3 28. h3 Qxd4 29. Qf5+ g6 30. Qf3 b5 31. Kh2 b4 32. Rc1 Kg7 33. Bf4 g5
34. Be3 Qe5+ 35. g3 b3 36. Bd4 Qxd4 37. Rxc3 b2 38. Rb3 Re1 39. Qb7+ Kg6 40.
Rxb2 1/2-1/2

[Event "Wessex v Numerica 3Cs"]
[Site "?"]
[Date "2002.??.??"]
[Round "3"]
[White "Martin, Katie A"]
[Black "Morgan, Wilf"]
[Result "1-0"]
[WhiteElo "1448"]
[BlackElo "1288"]
[PlyCount "73"]
[EventDate "2002.??.??"]

1. e4 c5 2. Nf3 d6 3. Bc4 Nc6 4. c3 Nf6 5. d3 g6 6. O-O Bg7 7. Be3 O-O 8. Bb3
Bg4 9. h3 Bxf3 10. Qxf3 a5 11. a3 a4 12. Ba2 b5 13. d4 b4 14. Nd2 b3 15. Bb1
cxd4 16. Bxd4 Nxd4 17. cxd4 Qb6 18. Qe3 Nd7 19. Nf3 f5 20. exf5 gxf5 21. Qe6+
Kh8 22. Qxd7 e5 23. dxe5 dxe5 24. Bxf5 Ra7 25. Qd3 e4 26. Qxe4 Bxb2 27. Rab1
Bxa3 28. Nd4 Bc5 29. Qe5+ Rg7 30. Ne6 Rff7 31. Nxc5 Qa7 32. Rfd1 Qa8 33. Be4
Qf8 34. Ne6 Qe7 35. Rd8+ Qxd8 36. Nxd8 Re7 37. Ne6 1-0

[Event "White Rose v Slough"]
[Site "?"]
[Date "2002.??.??"]
[Round "3"]
[White "Cumbers, Paul"]
[Black "Crichton, Martin"]
[Result "1-0"]
[WhiteElo "1952"]
[BlackElo "2041"]
[PlyCount "53"]
[EventDate "2002.??.??"]

1. e4 c6 2. d4 d5 3. e5 Bf5 4. Ne2 e6 5. Ng3 Bg6 6. h4 h5 7. Be2 Be7 8. Bxh5
Bxh5 9. Nxh5 g6 10. Nf4 Rxh4 11. Rxh4 Bxh4 12. Qd3 Kd7 13. Be3 Bg5 14. Nh3 Bxe3
15. Qxe3 Na6 16. Nc3 Qh4 17. O-O-O Nh6 18. Ne2 Nf5 19. Qf3 Qe7 20. g4 Nh6 21.
Qg3 Rh8 22. f4 Ng8 23. Ng5 Ke8 24. Qf2 Kd7 25. Ng3 Nc7 26. Kb1 Rh4 27. Nf5 1-0

[Event "White Rose v Slough"]
[Site "?"]
[Date "2002.??.??"]
[Round "3"]
[White "Williams, Samuel G"]
[Black "Keeling, Karen"]
[Result "1/2-1/2"]
[WhiteElo "2140"]
[BlackElo "2038"]
[PlyCount "52"]
[EventDate "2002.??.??"]

1. e4 c6 2. d4 d5 3. exd5 cxd5 4. c4 Nf6 5. Nc3 e6 6. Nf3 Bb4 7. cxd5 Nxd5 8.
Bd2 Nc6 9. Bd3 Nf6 10. O-O O-O 11. Bg5 Be7 12. Re1 Nb4 13. Bb1 Nbd5 14. Qd3 g6
15. Bh6 Re8 16. Ne5 Bd7 17. h4 Bc6 18. Qg3 Nh5 19. Qf3 Ndf6 20. Nxc6 bxc6 21.
Be3 Nd5 22. g3 Rb8 23. Nxd5 cxd5 24. Qe2 Ng7 25. Bd3 Qb6 26. b3 Bb4 1/2-1/2